000 00539nam a2200181Ia 4500
008 150610s9999 xx 000 0 und d
020 _a9780316247214
050 _aPZ7
_b.S86985Ic2013
100 _aStohl, Margaret
245 _aIcons /
_cMargaret Stohl.
250 _a1st ed.
260 _aNew York :
_b Little, Brown Books for Young Readers,
_c2013.
300 _a428pages ;
_c21 cm.
520 _aScience fiction.
650 _aExtraterrestrial beings
_bFiction.
650 _aInsurgency
_xFiction.
650 _aSurvival
_xFiction.
999 _c287816
_d287816